Διαδικτυακό σύστημα χαρτογράφησης των ΠΟΠ και ΠΓΕ αγρο-διατροφικών προϊόντων στην Ελλάδα : διπλωματική εργασία
Saved in:
| Main Author: | |
|---|---|
| Corporate Author: | |
| Format: | Thesis Book |
| Language: | Greek |
| Published: |
2016.
|
| Subjects: | |
| Online Access: | http://hdl.handle.net/11610/22959 |
| Tags: |
Add Tag
No Tags, Be the first to tag this record!
|
MARC
| LEADER | 00000cam a2200000 a 4500 | ||
|---|---|---|---|
| 001 | 1/112889 | ||
| 008 | 170201s2016####gr | ||| |||| ||gre|| | ||
| 040 | |a GR-MyUa |b gre |c GR-MyUa |e AACR2 | ||
| 041 | 0 | |a gre | |
| 082 | 7 | |a 338.19 |2 (23) | |
| 100 | 1 | |a Χρηστιά, Ηλιάνα. | |
| 245 | 1 | 0 | |a Διαδικτυακό σύστημα χαρτογράφησης των ΠΟΠ και ΠΓΕ αγρο-διατροφικών προϊόντων στην Ελλάδα : |b διπλωματική εργασία / |c της φοιτήτριας Χρηστιά Ηλιάνας ; επιβλέπων: Κίζος Αθανάσιος. |
| 260 | |c 2016. | ||
| 300 | |a 110 σ. : |b εικ., πιν., χάρτες ; |c 29 εκ. | ||
| 500 | |a Μέλη εξεταστικής επιτροπής: Βαΐτης Μιχάλης και Σουλακέλλης Νικόλαος. | ||
| 502 | |a Πτυχιακή εργασία – Πανεπιστήμιο Αιγαίου, Λέσβος, 2016. | ||
| 504 | |a Περιλαμβάνει βιβλιογραφία και παράρτημα. | ||
| 506 | 0 | |a Ηλεκτρονική διάθεση στο πλήρες κείμενο - ελεύθερης πρόσβασης. | |
| 540 | |a Κλειδωμένη η δυνατότητα αντιγραφής (copy) από το ηλεκτρονικά κείμενο. | ||
| 650 | 0 | |a Farm produce |z Greece. | |
| 650 | 0 | |a Agricultural geography. | |
| 650 | 0 | |a Geodatabases. | |
| 650 | 0 | |a Cartography. | |
| 700 | 1 | |a Κίζος, Αθανάσιος, |e dgs | |
| 710 | 2 | |a Πανεπιστήμιο Αιγαίου. |b Σχολή Κοινωνικών Επιστημών. |b Τμήμα Γεωγραφίας. | |
| 852 | |a INST |b LESVOS |c DIATR |e 20170201 |h 975 |p 005100059385 |q 005100059385 |t DIE |y 23 | ||
| 856 | |u http://hdl.handle.net/11610/22959 | ||
| 924 | |a Χρηστιά |b Ηλιάνα |y Λέσβος |z 2016-04 | ||
| 970 | |a Πατσή |b Ανθίππη |z 01-02-2017 | ||